Cudzinecký a hraničný režim I (hraničný dozor)

Lexikón odbornej terminológie.

Enregistré dans:
Détails bibliographiques
Auteur principal: Odler, Robert
Autres auteurs: Ambrus, Patrik, Masárová, Mária, Rechtoríková, Gabriela, Ondrejkovičová, Jelena
Format: Chapitre de livre
Langue:slovaque
anglais
allemand
français
russe
Sujets:
Tags: Ajouter un tag
Pas de tags, Soyez le premier à ajouter un tag!

MARC

LEADER 00000naa a2200000 4500
001 0215888
005 20240502073611.9
041 0 |a slo 
041 0 |a eng 
041 0 |a ger 
041 0 |a fre 
041 0 |a rus 
044 |a SK 
245 1 0 |a Cudzinecký a hraničný režim I  |b (hraničný dozor)  |c Robert Odler, Patrik Ambrus, Mária Masárová, Gabriela Rechtoríková, Jelena Ondrejkovičová 
520 |a Lexikón odbornej terminológie. 
610 2 0 |a hranice štátne 
610 2 0 |a cudzinci 
610 2 0 |a polícia 
610 2 0 |a terminológia 
610 2 0 |a slovníky 
100 1 |a Odler, Robert 
700 1 |a Ambrus, Patrik 
700 1 |a Masárová, Mária 
700 1 |a Rechtoríková, Gabriela 
700 1 |a Ondrejkovičová, Jelena